000 00924nam a22002417a 4500
008 240605b mp ||||| |||| 00| 0 mon d
020 _a978-99962-62-11-1
035 _a8730
040 _aDA0445040
_bmon
_cMN-UlNLM
_dMN-UlNLM
_erda
041 _amon
042 _a26182
084 _221
_a894.233
_bБ.109
100 _aБаасансүрэн Т.
245 0 _aНямаагийн тухай өгүүллэгүүд
264 _aУлаанбаатар
_bЗасгийн газрын ХҮ
_c2011
300 _a311 х.
336 _2rdacontent
_atext
_btxt
337 _2rdamedia
_aunmediated
_bn
338 _2rdacarrier
_avolume
_bnc
490 _v5
650 _aХүүхдийн зохиол, Хүүхдийн тууж, Өгүүллэг, Хүүхдийн өгүүллэг, Нийтлэл, Хоёулаа загас болчих уу?, Алхаа, Сайхан хөшөө, Наймын тоо,...
942 _210-t
_cBK
999 _c744951
_d745008